[Event "London Classic op U2050-A 11th"]
[Site "London"]
[Date "2019.12.01"]
[Round "5"]
[White "Kumar, Soham"]
[Black "Hortin, Matthew J"]
[Result "0-1"]
[WhiteElo "1514"]
[BlackElo "1826"]
[PlyCount "110"]
[EventDate "2019.11.29"]
[EventType "swiss"]
[EventRounds "5"]
[EventCountry "ENG"]
[SourceTitle "CBM 195 Extra"]
[Source "ChessBase"]
[SourceDate "2020.05.31"]
[SourceVersion "1"]
[SourceVersionDate "2020.05.31"]
[SourceQuality "1"]

1. e4 c5 2. Nf3 Nc6 3. Bb5 d6 4. 0-0 Bd7 5. d4 cxd4 6. Nxd4 Nf6 7. Nc3 g6 8. Be3 Bg7 9. f3 0-0 10. Qd2 Nxd4 11. Bxd4 Bxb5 12. Nxb5 a6 13. Nc3 b5 14. f4 b4 15. Ne2 Nxe4 16. Qxb4 Rb8 17. Qa4 Bxd4+ 18. Nxd4 Qb6 19. Kh1 Nc5 20. Qc4 Qxb2 21. Nc6 Rb7 22. Rae1 e6 23. f5 Qb5 24. Qh4 Qxc6 25. f6 Nd7 26. Qh6 Nxf6 27. Rxf6 Qxc2 28. h4 Rb1 29. Ref1 Rxf1+ 30. Rxf1 Qc4 31. Rc1 Qxa2 32. Qg5 Qd5 33. Qf6 Qe5 34. Qe7 d5 35. Qb7 Qf4 36. Rc3 Qxh4+ 37. Rh3 Qe1+ 38. Kh2 Qe5+ 39. Kh1 Rb8 40. Qxb8+ Qxb8 41. Ra3 Qb5 42. Kh2 d4 43. Kg3 d3 44. Kf3 d2 45. Ra1 Qd3+ 46. Kf2 d1Q 47. Rxd1 Qxd1 48. Kg3 a5 49. Kf2 a4 50. Ke3 Qf1 51. g4 a3 52. Kd2 a2 53. Ke3 a1Q 54. Ke4 Qc3 55. g5 Qff3# 0-1

[Event "London Classic op U2050-A 11th"]
[Site "London"]
[Date "2019.11.30"]
[Round "3"]
[White "Gardiner, Ethan"]
[Black "Hortin, Matthew J"]
[Result "1-0"]
[WhiteElo "1402"]
[BlackElo "1826"]
[PlyCount "63"]
[EventDate "2019.11.29"]
[EventType "swiss"]
[EventRounds "5"]
[EventCountry "ENG"]
[SourceTitle "CBM 195 Extra"]
[Source "ChessBase"]
[SourceDate "2020.05.31"]
[SourceVersion "1"]
[SourceVersionDate "2020.05.31"]
[SourceQuality "1"]

1. e4 c5 2. Nc3 Nc6 3. g3 d6 4. Bg2 g6 5. d3 Bg7 6. Be3 Nd4 7. f4 Nf6 8. h3 Rb8 9. Nce2 Nxe2 10. Nxe2 b6 11. 0-0 Bb7 12. c3 e6 13. Qa4+ Nd7 14. d4 0-0 15. f5 exf5 16. exf5 Re8 17. Bxb7 Rxb7 18. Bf2 Rxe2 19. Qa6 Rxf2 20. Rxf2 Qb8 21. Qc4 b5 22. Qd3 cxd4 23. cxd4 d5 24. Raf1 Rb6 25. fxg6 fxg6 26. Qf3 Nf6 27. g4 Qd6 28. g5 Nd7 29. Qf7+ Kh8 30. Qe8+ Nf8 31. Rxf8+ Bxf8 32. Rxf8+ 1-0

[Event "London Classic U1825 op 10th"]
[Site "London"]
[Date "2018.12.14"]
[Round "1"]
[White "Hortin, Matthew J"]
[Black "Wan Abdul Hamid, Wan Luqman Haki"]
[Result "1-0"]
[WhiteElo "1819"]
[BlackElo "1630"]
[PlyCount "87"]
[EventDate "2018.12.14"]
[EventType "swiss"]
[EventRounds "5"]
[EventCountry "ENG"]
[SourceTitle "CBM 187 Extra"]
[Source "ChessBase"]
[SourceDate "2018.11.04"]
[SourceVersion "1"]
[SourceVersionDate "2018.11.04"]
[SourceQuality "1"]

1. c4 Nf6 2. Nc3 g6 3. d4 Bg7 4. e4 d6 5. f3 c6 6. Be3 Nbd7 7. Qd2 0-0 8. Bd3 a6 9. Nge2 e5 10. d5 c5 11. Bh6 Ne8 12. Ng3 Ndf6 13. h4 Bxh6 14. Qxh6 Ng7 15. Nge2 Kh8 16. g4 Ng8 17. Qe3 h6 18. 0-0-0 Bd7 19. Rdg1 b5 20. f4 exf4 21. Nxf4 bxc4 22. Bxc4 Bb5 23. Bd3 Bxd3 24. Nxd3 Qe7 25. Rf1 Rae8 26. Qf4 f5 27. exf5 Qe3+ 28. Qxe3 Rxe3 29. Nf4 Ne7 30. Nxg6+ Nxg6 31. fxg6 Ref3 32. Rxf3 Rxf3 33. Ne4 Ne8 34. g5 Kg7 35. h5 Rf5 36. gxh6+ Kxh6 37. Ng3 Rxd5 38. Kc2 Nf6 39. Kc3 Rg5 40. Ne2 Nxh5 41. Nf4 Rg3+ 42. Kc4 Rg4 43. Rxh5+ Kg7 44. Rf5 1-0